000 00941cam a22003011 4500
001 8907043
003 OSt
005 20150408114027.0
008 730221s1962 nyua 000 0 eng
010 _a 62013816
015 _aGB62-12294
035 _a(OCoLC)562205
040 _aDLC
_cODaWU
_dOCoLC
_dDNLM
_dUk
_dDLC
042 _apremarc
050 0 0 _aT58
_b.K34 1962
060 0 _aT 58
_bK185r 1962
082 _a658.082
100 1 _aKarn, Harry W.,
_d1907-
_eed.
_911761
245 1 0 _aReadings in industrial and business psychology.
_cEdited by Harry W. Karn [and] B. von Haller Gilmer.
250 _a2d ed.
260 _aNew York,
_bMcGraw-Hill,
_c1962.
300 _a515 p.
_billus.
_c24 cm.
440 0 _aMcGraw-Hill series in psychology
_911762
650 0 _aPsychology, Industrial.
_911763
650 0 _aIndustrial management.
_94392
700 1 _aGilmer, Beverly von Haller,
_d1909-
_ejoint ed.
_911764
942 _2ddc
_cBOOK
999 _c22456
_d256956